<?xml version="1.0" encoding="UTF-8"?>
<collection xmlns="http://www.loc.gov/MARC21/slim">
 <record>
  <leader>00761pamaa2200205   4500</leader>
  <controlfield tag="001">0000020362</controlfield>
  <controlfield tag="005">20060531090000.0</controlfield>
  <datafield tag="020" ind1="0" ind2="0">
   <subfield code="a">0262193272 </subfield>
  </datafield>
  <datafield tag="082" ind1=" " ind2=" ">
   <subfield code="a">330.943087 SIN</subfield>
  </datafield>
  <datafield tag="090" ind1="0" ind2="0">
   <subfield code="a">HC286.8 </subfield>
   <subfield code="b">SIN 1992</subfield>
  </datafield>
  <datafield tag="100" ind1="1" ind2="0">
   <subfield code="a">SINN </subfield>
  </datafield>
  <datafield tag="245" ind1="1" ind2="0">
   <subfield code="a">Jumpstart : </subfield>
   <subfield code="b">the economic unification of Germany  </subfield>
   <subfield code="c">Gerlinde Sinn and Hans-Werner Sinn ; translated by Juli Irving-Lessmann.</subfield>
  </datafield>
  <datafield tag="260" ind1="0" ind2="0">
   <subfield code="a">Cambridge: </subfield>
   <subfield code="b">The MIT Press, </subfield>
   <subfield code="c">1992.</subfield>
  </datafield>
  <datafield tag="300" ind1=" " ind2=" ">
   <subfield code="a">xviii, 243p.: </subfield>
   <subfield code="b">ill., map; </subfield>
   <subfield code="c">24cm.</subfield>
  </datafield>
  <datafield tag="504" ind1="0" ind2="0">
   <subfield code="a">Includes bibliographical references (p. [225]-238) and index</subfield>
  </datafield>
  <datafield tag="651" ind1="0" ind2="0">
   <subfield code="a">Germany -- </subfield>
   <subfield code="x">Economic policy -- </subfield>
   <subfield code="y">1990- </subfield>
  </datafield>
  <datafield tag="651" ind1="0" ind2="0">
   <subfield code="a">Germany -- </subfield>
   <subfield code="x">Economic conditions -- </subfield>
   <subfield code="y">1990- </subfield>
  </datafield>
  <datafield tag="651" ind1="0" ind2="0">
   <subfield code="a">Germany -- </subfield>
   <subfield code="x">History -- </subfield>
   <subfield code="y">1990- </subfield>
  </datafield>
  <datafield tag="700" ind1="1" ind2="1">
   <subfield code="a">Sinn, </subfield>
   <subfield code="h">Hans-Werner </subfield>
  </datafield>
  <datafield tag="700" ind1="1" ind2="1">
   <subfield code="a">Irving-Lessmann, </subfield>
   <subfield code="h">Juli </subfield>
  </datafield>
 </record>
</collection>
